Pays frontalier de l’OTAN - Statistiques

Statistiques générales
  • Ce quiz a été pris 30 fois
  • Le résultat moyen est 18 sur 23
Statistiques - réponses
Km de frontière avec l’OTAN Pays % Correct
2 363 km Russie
100%
268 km Arménie
93%
1 267 km Ukraine
93%
4,4 km Monaco
89%
1 267 km Biélorussie
86%
3 200 km Mexique
86%
121 km Andorre
82%
499 km Iran
82%
39 km Saint-Marin
82%
822 km Syrie
82%
3,2 km Vatican
82%
9 km Azerbaïdjan
79%
252 km Géorgie
79%
681 km Moldavie
79%
1 621 km Serbie
75%
1 647 km Suisse
75%
331 km Irak
71%
1 174 km Bosnie
68%
673 km Brésil
68%
15,9 km Maroc
68%
353 km Kosovo
61%
2 363 km Autriche
57%
510 km Suriname
54%
Aucun quiz correspondant
Distribution des résultats
% des personnes avec chaque résultat
Percentile par nombre de réponses
Votre historique - résultats
Vous n’avez pas pris ce quiz